Geology of soils: Their evolution classification and uses. (Record no. 22367)

MARC details
000 -LEADER
fixed length control field 00381nam a2200133Ia 4500
082 ## - DEWEY DECIMAL CLASSIFICATION NUMBER
Classification number 631.4:55
Item number HUN
100 ## - MAIN ENTRY--AUTHOR NAME
Personal name HUNT, Charles B
245 #0 - TITLE STATEMENT
Title Geology of soils: Their evolution classification and uses.
260 ## - PUBLICATION, DISTRIBUTION, ETC. (IMPRINT)
Place of publication San Franscisco
Name of publisher W H Freeman
Year of publication 1972
650 ## - SUBJECT ADDED ENTRY--TOPICAL TERM
Topical Term Soil classification
650 ## - SUBJECT ADDED ENTRY--TOPICAL TERM
Topical Term Soil evolution
942 ## - ADDED ENTRY ELEMENTS (KOHA)
Koha item type Books
Holdings
Withdrawn status Lost status Damaged status Not for loan Home library Current library Date acquired Full call number Accession Number Koha item type
        RRII Library RRII Library 16/12/2021 631.4:55 HUN 03087 Books